000 00782nam a2200217 a 4500
999 _c7220
_d7220
001 7220
003 BD-JhCC
005 20180207131657.0
008 180206s1995 bg |||| ||a| 000 0 ben d
035 _a(BD-JhCC)7220
040 _aBD-JhCC
_dBD-JhCC
041 _aben
082 _a954.9205
_bBID 1995
245 _aবিদেশী সংবাদিকের দৃষ্টিতে বাংলাদেশের মুক্তিযুদ্ধ /
_cমাহবুব কামাল অনূদিত
260 _aঢাকা :
_bঅনন্যা প্রকাশনী,
_c1995
300 _a89 p. :
_c22 cm.
650 _aLiberation War 1971
_zBangladesh
700 _aকামাল, মাহবুব অনূদিত
942 _2ddc
_cBK